| 000 | 00812nam a22002297a 4500 | ||
|---|---|---|---|
| 005 | 20170124105943.0 | ||
| 010 | _aB-223780 | ||
| 020 |
_c00.00 _a8178271192 |
||
| 035 | _aB-223780 | ||
| 037 | _bCen Lib/Ret | ||
| 040 |
_aDPL _bEN |
||
| 082 |
_a301.153 _bNAI |
||
| 100 |
_aNaidu, Ch. M. _910663 |
||
| 245 |
_aMahatma Gandhi and hindu-muslim unity : _cby Ch. M. Naidu _bduring transfer of power and partition of India (1944-1948) / |
||
| 260 |
_bManak Publications Pvt. Ltd _c2005 _aNew Delhi |
||
| 270 |
_aB-7, Saraswati Complex, Subhash Chowk, Laxmi Nagar _bNew Delhi _e110092 |
||
| 300 |
_axiii,222p. _c23cm(Hb) |
||
| 500 | _aIncludes bibliographical references and index. | ||
| 650 |
_aPartition of India _911763 |
||
| 650 |
_aMahatma Gandhi _910320 |
||
| 942 |
_2ddc _cEN _h301.153 _mNAI |
||
| 999 |
_c124729 _d124729 |
||